banner-ar

THE ART OF THE CRUSADERS IN THE HOLY LAND 1098 - 1187 / (Record no. 15250)

MARC details
000 -الفاتح
حقل البيانات ثابتة الطول 00558nam a2200205Ia 4500
008 - عناصر البيانات ثابتة الطول - معلومات عامة
حقل البيانات ثابتة الطول 140319s9999 xx 000 0 eng d
040 ## - مصدر الفهرسة
وكالة الفهرسة الأصلية GCL /
وكالة النسخ GCL
082 04 - رقم تصنيف ديوى العشرى
رقم التصنيف 709.022
رقم المادة F A
100 1# - المدخل الرئيسى - إسم شخصى
الإسم الشخصى FALDA, JARASLAV
245 10 - بيان العنوان
العنوان THE ART OF THE CRUSADERS IN THE HOLY LAND 1098 - 1187 /
بيان المسئوليه,etc FALDA, JARASLAV
260 ## - PUBLICATION, DISTRIBUTION, ETC. (IMPRINT)
تاريخ النشر أو التوزيع 1995
300 ## - الوصف المادى
التعداد 672 P
650 04 - المدخل الاضافى بالموضوع-مصطلح موضوعى
مصطلح موضوعي ARTS
650 04 - المدخل الاضافى بالموضوع-مصطلح موضوعى
مصطلح موضوعي ARCHITECTURE
650 04 - المدخل الاضافى بالموضوع-مصطلح موضوعى
مصطلح موضوعي CRUSADES 1274 - 1580
650 04 - المدخل الاضافى بالموضوع-مصطلح موضوعى
مصطلح موضوعي CRUSADERS - ARTS
650 04 - المدخل الاضافى بالموضوع-مصطلح موضوعى
مصطلح موضوعي HOLY LAND
942 ## - عناصر المدخل الإضافي( كوها)
مصدر التصنيف او مخطط الترفيف Dewey Decimal Classification
Koha [default] item type كتاب
260 ## - PUBLICATION, DISTRIBUTION, ETC. (IMPRINT)
-- [S.N] :
-- CAMLRIDGE UNIVERSITY PRESS ،
Holdings
حالة التراجع حالة الفقد حالة تلف ليس للاعارة المكان المؤقت الموقع الحالى تاريخ الاكتساب اجمالي اﻻعارات رقم الطلب الباركود تاريخ اخر مشاهدة تاريخ تفعيل السعر نوع وعاء كوها
        مكتبة القاهرة الكبرى مكتبة القاهرة الكبرى 03/26/2014   709.022\F A 28316 03/26/2014 03/26/2014 كتاب
        مكتبة القاهرة الكبرى مكتبة القاهرة الكبرى 03/26/2014   709.022\F A 28317 03/26/2014 03/26/2014 كتاب

Powered By

EGPV